Problemas resueltos de genética en acuicultura

Guardat en:
Dades bibliogràfiques
Autors principals: Rebordinos González, Laureana (Autor), Infante Viñolo, Juan José (Autor), Cross Pacheco, Ismael (Autor), Amezcua Rodríguez, Oscar (Autor)
Format: Llibre
Idioma:espanyol
Publicat: Cádiz Universidad de Cádiz 1999
Edició:1a. ed
Matèries:
Etiquetes: Afegir etiqueta
Sense etiquetes, Sigues el primer a etiquetar aquest registre!

MARC

LEADER 00000nam a2200000 a 4500
001 UCJ1417
003 CL-VaPUC
008 061020e19990000SP |||||||||||||||||spa|d
020 |a 8477865507 
082 0 4 |a 639.8  |b REB  |2 21 
100 0 |a Rebordinos González, Laureana  |e author  |9 502032 
700 0 |a Infante Viñolo, Juan José  |e author  |9 502033 
700 0 |a Cross Pacheco, Ismael  |e author  |9 502034 
700 0 |a Amezcua Rodríguez, Oscar  |e author  |9 502035 
245 1 0 |a Problemas resueltos de genética en acuicultura 
250 |a 1a. ed 
300 |a 234 p 
942 |c BK 
945 |d 20061020 00:00:00  |a cmena 
260 |a Cádiz  |b Universidad de Cádiz  |c 1999 
650 0 |a Acuicultura  |9 258883 
650 0 |a Genética  |9 259443 
650 0 |a Ingeniería genética  |9 263020 
583 |a last modification  |c 20061020 00:00:00  |k Rodrigo Vera 
999 |c 318004  |d 318002 
952 |0 0  |1 0  |4 0  |6 639_800000000000000_REB_1999  |7 0  |8 CCM  |9 395190  |a BIBCUR  |b BIBCUR  |d 2019-11-22  |i 4287991  |o 639.8 REB 1999  |p 4287991  |r 2025-04-22  |w 2019-11-22  |y BK  |k CIM